Characters of Greek Myth Alphabet Chain - Statistics

General Stats
  • This quiz has been taken 360 times
  • The average score is 8 of 13
Answer Stats
Hint God/Goddess % Correct
god of music and prophecy; speaks through the oracle at Delphi Apollo
94%
giant huntsman who became a constellation Orion
90%
goddess of the hunt and of virginity Artemis
88%
bow-and-arrow-bearing god of sexual attraction Eros
84%
goddess of the moon; her Roman equivalent is Luna Selene
75%
winged goddess of vengeance Nemesis
71%
wife of Cronus and mother of Zeus Rhea
70%
mother of King Minos, abducted by Zeus in the shape of a white bull Europa
58%
commander of the Greek armies during the Trojan War Agamemnon
57%
mother of Dionysus; died from looking straight at Zeus in his glory Semele
30%
tragic heroine; helped her brother Orestes avenge their father's murder Electra
22%
woman whose many children were killed by the gods as punishment for boasting Niobe
21%
river god who fought for the Trojans; tried (but failed) to kill Achilles Scamander
12%
No matching quizzes found
Score Distribution
Percent of People with Each Score
Percentile by Number Answered
Your Score History
You have not taken this quiz